CEREMONIAL DE LA BODA Y MISA DE DESPOSORIOS /

Tallennettuna:
Bibliografiset tiedot
Päätekijä: Romero, José Antonio (autor)
Aineistotyyppi: Kirja
Aiheet:
Tagit: Lisää tagi
Ei tageja, Lisää ensimmäinen tagi!

MARC

LEADER 00000nam^a2200000^a^4500
001 000230158
005 20250521000000.0
009 20260310104426.388
035 |a 051408 
037 |a Acervo Xavier Clavigero 
082 |a 265. 5  |b ROM 
100 |a Romero, José Antonio  |e (autor) 
245 1 0 |a CEREMONIAL DE LA BODA Y MISA DE DESPOSORIOS /  |c JOSE A. ROMERO, S.J. 
264 |a México :  |b Buena Prensa,  |c 1955 
300 |a 48p. 
336 |a texto  |b txt  |2 rdacontenido 
337 |a sin mediación  |b n  |2 rdamedio 
338 |a volumen  |b nc  |2 rdasoporte 
649 |a XX 
650 |a Matrimonio 
910 |a Fondo General 
920 |a Impresos - Libros 
930 |a Colección General 
905 |a 101 
901 |a 051408  |b IT1  |c ACC  |i 051408  |u 20250521 
902 |a https://opac.biblio.iteso.mx/vufind/Record/000230158